Statistics for Chelsea FC players 2014/15

Click here to take the quiz!

General Stats

  • This quiz has been taken 1,624 times
  • The average score is 12 of 15

Answer Stats

HintAnswer% Correct
DEFTerry
95%
STCosta
94%
GKCech
91%
MIDHazard
91%
DEFCahill
89%
GKCourtois
86%
MIDOscar
82%
STDrogba
80%
MIDFabregas
79%
MIDWillian
77%
MIDMatic
76%
DEFAzpilicueta
75%
STRemy
69%
MIDRamires
63%
DEFZouma
52%

Score Distribution

Percentile by Number Answered

Percent of People with Each Score

Your Score History

You have not taken this quiz